[Event "Syre Memorial op 17th"]
[Site "Issy les Moulineaux"]
[Date "1994.??.??"]
[Round "3"]
[White "Demetz, Yves"]
[Black "Moschietto, Alain"]
[Result "1/2-1/2"]
[WhiteElo "1830"]
[BlackElo "1630"]
[PlyCount "50"]
[EventDate "1994.05.??"]
[EventType "swiss"]
[EventRounds "6"]
[EventCountry "FRA"]
[SourceTitle "EXT 2004"]
[Source "ChessBase"]
[SourceDate "2003.11.25"]
[SourceVersion "1"]
[SourceVersionDate "2003.11.25"]
[SourceQuality "1"]

1. e4 d6 2. d4 Nf6 3. Bd3 g6 4. Ne2 Bg7 5. 0-0 0-0 6. c3 Nbd7 7. f4 e5 8. fxe5 dxe5 9. Bg5 h6 10. Bh4 g5 11. Bg3 exd4 12. Nxd4 Nc5 13. e5 Nfe4 14. Bxe4 Nxe4 15. Qf3 Nxg3 16. Qxg3 Qd5 17. Nf5 Qc5+ 18. Kh1 Bxf5 19. Rxf5 Rae8 20. Nd2 Rxe5 21. Ne4 Qe7 22. Rxe5 Qxe5 23. Qxe5 Bxe5 24. Re1 Rd8 25. Kg1 f6 1/2-1/2